| 000 | 00925nam a2200289 i 4500 | ||
|---|---|---|---|
| 001 | 000015874 | ||
| 003 | DO-SdBNP | ||
| 005 | 20250916135740.0 | ||
| 007 | ta | ||
| 008 | 100222s1966 dr f000 0 spa d | ||
| 040 |
_aDO-SdBNP _bspa _cBNPHU _erda |
||
| 041 | _aspa | ||
| 082 | 4 |
_a342.729302 _bR426c 1966 _222 |
|
| 110 | 1 |
_aRepública Dominicana. _9447 |
|
| 240 | 1 | 0 | _aConstitución (1966) |
| 245 | 1 | 0 | _aConstitución de la República Dominicana. |
| 264 | 1 |
_aSanto Domingo : _bJunta Central Electoral, _c1966. |
|
| 300 |
_a73 páginas : _c18 cm. |
||
| 336 |
_atexto _btxt _2rdacontent |
||
| 337 |
_asin mediación _bn _2rdamedia |
||
| 338 |
_avolumen _bnc _2rdacarrier |
||
| 590 | _aInventariado, 2018/ YL | ||
| 651 | 4 |
_aRepública Dominicana _xConstitución (1966) _910405 |
|
| 651 | 4 |
_aRepública Dominicana _zDerecho constitucional _9449 |
|
| 910 | _aYLockward/ Validado. Control de calidad EMS | ||
| 942 |
_2ddc _cLBS1 |
||
| 999 |
_c15416 _d15416 |
||